000 00267nam a2200121Ia 4500
008 221030s9999 xx 000 0 und d
041 _aEnglish
100 _aR. Jindal
245 0 _aData Structures Using C
_cby R. Jindal
260 _c0
650 _aB
942 _cBK
999 _c16058
_d16058